000 00930nam a2200241 i 4500
001 6168
003 ES-MaACL
005 20240301062528.0
007 t|
008 890822s1989 sp ||||1| spa d
020 _a84-7483-525-9
080 _a017.1(464.1) B.N.:2
080 _a2:017.1(464.1) B.N.
110 2 _aBiblioteca Nacional (España)
_92188
245 1 0 _aCatalogo de las piezas de teatro que se conservan en el Gabinete de Manuscritos de la Biblioteca Nacional
_b: tomo III (Suplemento e Indices).
260 _aMadrid :
_bDireccion General del Libro y Bibliotecas,
_c1989.
300 _a499 p. ;
_c24 cm.
650 4 _aTeatro español-
_xManuscritos-
_vBibliografías.
_917345
650 1 4 _aManuscritos-
_xBiblioteca Nacional (España)-
_xCatálogos.
_914753
710 1 _aEspaña.
_bDirección General del Libro y Bibliotecas.
_93788
852 _aES-MaACL
_jL-13356
_bR.116706
_z. - rust.
999 _c6168
_d6168